Crónicas dominicanas / (Registro nro. 7145)

Detalles MARC
000 -LIDER
fixed length control field 00573nam a2200205 a 4500
001 - NÚMERO DE CONTROL
Identificador de número de control 000024783
003 - IDENTIFICACDOR DE NÚMERO DE CONTROL
control field 000024783
005 - DATE AND TIME OF LATEST TRANSACTION
control field 20201029112642.0
008 - ELEMENTOS DE LONGITUD FIJA
fixed length control field 110204s2008 dr ac 000 0 spa d
020 ## - ISBN
International Standard Book Number 9789945854060
040 ## - FUENTE DE CATALOGACIÓN
Agencia que crea de manera original el registro BPMET
Idioma de catalogación spa
Agencia que realiza la transcripción BPMET
049 ## - LOCAL HOLDINGS (OCLC)
Holding library BNPD
100 1# - ASIENTO PRINCIPAL -- NOMBRE PERSONAL
Nombre personal Octavio Rosario, Oscar
245 10 - MENCIÓN DE TITULO
Título Crónicas dominicanas /
Mención de responsabilidad Oscar Octavio Rosario.
260 ## - PUBLICACIÓN, DISTRIBUCIÓN, ETC. (PIE DE IMPRENTA)
Lugar de publicación, distribución, etc Santo Domingo :
Nombre del editor, distribuidor, etc. Editora la Campana,
Fecha de publicación, distribución, etc 2008.
300 ## - DESCRIPCIÓN FÍSICA
Extensión 76 P. :
Dimensiones 22 cm.
942 ## - ADDED ENTRY ELEMENTS (KOHA)
Source of classification or shelving scheme Dewey Decimal Classification
Koha item type Libros
945 ## - INFORMACIÓN DE PROCESAMIENTO LOCAL
Información de procesamiento local inventariado, 2018 / dg
956 ## - LOCAL ELECTRONIC LOCATION AND ACCESS (OCLC)
Nombre de host VAMTEO
Número de acceso 10
Información de compresión 20150914
Inicio de sesión BPMSU
Procesador de solicitud 0069
Existencias
Withdrawn status Lost status Source of classification or shelving scheme Damaged status Not for loan Collection code Home library Current library Date acquired Total Checkouts Barcode Date last seen Copy number Price effective from Koha item type
    Dewey Decimal Classification     Colección Dominicana Biblioteca Pública Metropolitana Salomé Ureña Biblioteca Pública Metropolitana Salomé Ureña 07/14/2014   BPMSU15040559 07/14/2014 1 07/14/2014 Libros
    Dewey Decimal Classification     Colección Dominicana Biblioteca Pública Rafael Maria Baralt Biblioteca Pública Rafael Maria Baralt 10/29/2020   BPRMB20100003 10/29/2020   10/29/2020 Libros